En torno al animal racional : ensayos de antropología biológica /

Detalles Bibliográficos
Autor principal: Prieto López, Leopoldo, 1964- (Autor)
Formato: Electrónico eBook
Lenguaje:español
Publicado: Madrid : Universidad Francisco de Vitoria, UFV Madrid, Editorial : Instituto John Henry Newman, 2017.
Edición:Primera edición.
Colección:Colección Instituto John Henry Newman.
Materias:
Acceso en línea:Digitalia Hispánica

MARC

LEADER 00000nam a2200000Ii 4500
001 DIGEDUFV0034
003 NyNyDIG
006 m o d
007 cr |||||||||||
008 220615s2017 sp ob 001 0 spa d
035 |a (OCoLC)1335132692 
040 |a DGITA  |b eng  |e rda  |e pn  |c DGITA 
020 |a 9788416552368  |q edición digital 
020 |z 9788416552351  |q edición impresa 
050 1 4 |a GN60 ebook 
100 1 |a Prieto López, Leopoldo,  |d 1964-  |e author. 
245 1 0 |a En torno al animal racional :  |b ensayos de antropología biológica /  |c Leopoldo Prieto López. 
246 3 0 |a Ensayos de antropología biológica 
250 |a Primera edición. 
264 1 |a Madrid :  |b Universidad Francisco de Vitoria, UFV Madrid, Editorial :  |b Instituto John Henry Newman,  |c 2017. 
300 |a 1 online resource. 
336 |a text  |b txt  |2 rdacontent 
337 |a computer  |b c  |2 rdamedia 
338 |a online resource  |b cr  |2 rdacarrier 
347 |a text file  |2 rdaft 
347 |b PDF 
490 1 |a Colección Instituto John Henry Newman 
504 |a Includes bibliographical references and index. 
588 0 |a Online resource; title from PDF title page (Digitalia, viewed June 15, 2022) 
650 0 |a Philosophical anthropology. 
650 0 |a Physical anthropology. 
655 0 |a Electronic books. 
791 2 |a Digitalia (Firm),  |e distributor. 
793 0 |g Digitalia eBook Collection:  |a Editorial Universidad Francisco de Vitoria 
776 0 8 |i Print version:  |a Prieto López, Leopoldo, 1964-  |t En torno al animal racional.  |b Primera edición.  |d Madrid : Universidad Francisco de Vitoria, UFV Madrid, Editorial : Instituto John Henry Newman, 2017  |z 9788416552351 
830 0 |a Colección Instituto John Henry Newman. 
856 4 0 |3 Digitalia Hispánica  |u https://www.digitaliapublishing.com/a/70205/ 
910 |a Premium collection: 2022